ARRUPE JESUIT UNIVERSITY

CORONAVIRUS -STOP THE SPREAD - CLEAN,DISINFECT,COVER

Witchcraft in Central Africa and Europe. (Record no. 119212)

MARC details
000 -LEADER
fixed length control field 00779cam a22002531 4500
001 - CONTROL NUMBER
control field 6060494
003 - CONTROL NUMBER IDENTIFIER
control field ARRUPE
005 - DATE AND TIME OF LATEST TRANSACTION
control field 20131211163137.0
008 - FIXED-LENGTH DATA ELEMENTS--GENERAL INFORMATION
fixed length control field 800528s1956 enk 000 0 eng
010 ## - LIBRARY OF CONGRESS CONTROL NUMBER
LC control number 56032538
015 ## - NATIONAL BIBLIOGRAPHY NUMBER
National bibliography number GB56-3327
035 ## - SYSTEM CONTROL NUMBER
System control number (OCoLC)6364639
040 ## - CATALOGING SOURCE
Original cataloging agency DLC
Transcribing agency TxAuCS
Modifying agency Uk
-- DLC
043 ## - GEOGRAPHIC AREA CODE
Geographic area code fc-----
-- e------
050 00 - LIBRARY OF CONGRESS CALL NUMBER
Classification number SPC GN475
Item number .M8
300 ## - PHYSICAL DESCRIPTION
Dimensions 19 cm.
100 1# - MAIN ENTRY--PERSONAL NAME
Personal name Munday, J. T.
Fuller form of name (John Theodore)
9 (RLIN) 5526
245 00 - TITLE STATEMENT
Title Witchcraft in Central Africa and Europe.
260 ## - PUBLICATION, DISTRIBUTION, ETC. (IMPRINT)
Place of publication, distribution, etc London,
Name of publisher, distributor, etc United Society for Christian Literature, Lutterworth Press
Date of publication, distribution, etc [1956]
300 ## - PHYSICAL DESCRIPTION
Extent 100 p.
650 #0 - SUBJECT ADDED ENTRY--TOPICAL TERM
Topical term or geographic name as entry element Witchcraft
Geographic subdivision Africa, Central.
9 (RLIN) 5527
650 #0 - SUBJECT ADDED ENTRY--TOPICAL TERM
Topical term or geographic name as entry element Witchcraft
Geographic subdivision Europe.
9 (RLIN) 5528
906 ## - LOCAL DATA ELEMENT F, LDF (RLIN)
a 7
b cbc
c oclcrpl
d u
e ncip
f 19
g y-gencatlg
942 ## - ADDED ENTRY ELEMENTS (KOHA)
Source of classification or shelving scheme Library of Congress Classification
Koha item type REFERENCE
Holdings
Withdrawn status Lost status Source of classification or shelving scheme Damaged status Not for loan Home library Current library Shelving location Date acquired Total Checkouts Full call number Barcode Date last seen Price effective from Koha item type
    Library of Congress Classification     ARRUPE LIBRARY ARRUPE LIBRARY Main Collection 11/12/2013   SPC GN475 .M8 464123098 11/12/2013 11/12/2013 REFERENCE

 

Arrupe Library. PO Box MP320 Mt Pleasant, Harare, Zimbabwe
263 242 745411|librarian@aju.ac.zw